الكتاب السنوي للعلوم الإجتماعية / (رقم التسجيلة. 30065)

تفاصيل مارك
000 -LEADER
fixed length control field 00514nam a22001577a 4500
005 - DATE AND TIME OF LATEST TRANSACTION
control field 20251108165528.0
008 - FIXED-LENGTH DATA ELEMENTS--GENERAL INFORMATION
fixed length control field 250721s1993 xx 000 0 ara d
082 14 - DEWEY DECIMAL CLASSIFICATION NUMBER
Classification number م/300.5/كتا
100 1# - MAIN ENTRY--PERSONAL NAME
Personal name شتا، السيد علي
245 10 - TITLE STATEMENT
Title الكتاب السنوي للعلوم الإجتماعية /
264 1# - PRODUCTION, PUBLICATION, DISTRIBUTION, MANUFACTURE, AND COPYRIGHT NOTICE
Place of production, publication, distribution, manufacture الإسكندريه :
Name of producer, publisher, distributor, manufacturer مؤسسة شباب الجامعة،
Date of production, publication, distribution, manufacture, or copyright notice 1993.
650 17 - SUBJECT ADDED ENTRY--TOPICAL TERM
Topical term or geographic name as entry element العلوم الإجتماعية
650 17 - SUBJECT ADDED ENTRY--TOPICAL TERM
Topical term or geographic name as entry element الكتب السنوية
942 ## - ADDED ENTRY ELEMENTS (KOHA)
Source of classification or shelving scheme Dewey Decimal Classification
Koha item type مراجع
المقتنيات
حالة السحب حالة الفقدان مصدر التصنيف حالة التلف غير قابل للإعارة المكتبة الرئيسية المكتبة الحالية موقع الرف تاريخ التزويد الرقم المتسلسل Total Checkouts رقم الإستدعاء الباركود تاريخ آخر ظهور تاريخ الفاتورة نوع المادة (كوها)
    Dewey Decimal Classification   Not For Loan المكتبة المركزية المكتبة المركزية مراجع 06/07/2004 181955   م/300.5/كتا 181955 28/07/2025 06/07/2004 مراجع
    Dewey Decimal Classification   Not For Loan مكتبة صويلح العامة مكتبة صويلح العامة مراجع 25/09/2019 0007841   م/300.5/كتا PLD00468978 28/07/2025 25/09/2019 مراجع
Implemented & Customized by: BBB with SCIT (Smart Chains for Information Technology)

Powered by Koha